<?xml version="1.0" encoding="UTF-8"?><?xml-stylesheet type="text/xsl" href="static/style.xsl"?><OAI-PMH xmlns="http://www.openarchives.org/OAI/2.0/" xmlns:xsi="http://www.w3.org/2001/XMLSchema-instance" xsi:schemaLocation="http://www.openarchives.org/OAI/2.0/ http://www.openarchives.org/OAI/2.0/OAI-PMH.xsd"><responseDate>2026-04-13T05:44:04Z</responseDate><request verb="GetRecord" identifier="oai:www.recercat.cat:2117/372854" metadataPrefix="marc">https://recercat.cat/oai/request</request><GetRecord><record><header><identifier>oai:recercat.cat:2117/372854</identifier><datestamp>2025-07-22T21:23:38Z</datestamp><setSpec>com_2072_1033</setSpec><setSpec>col_2072_452951</setSpec></header><metadata><record xmlns="http://www.loc.gov/MARC21/slim" xmlns:dcterms="http://purl.org/dc/terms/" xmlns:xsi="http://www.w3.org/2001/XMLSchema-instance" xmlns:doc="http://www.lyncode.com/xoai" xsi:schemaLocation="http://www.loc.gov/MARC21/slim http://www.loc.gov/standards/marcxml/schema/MARC21slim.xsd">
   <leader>00925njm 22002777a 4500</leader>
   <datafield ind2=" " ind1=" " tag="042">
      <subfield code="a">dc</subfield>
   </datafield>
   <datafield ind2=" " ind1=" " tag="720">
      <subfield code="a">Hernández Ruiz, Gustavo</subfield>
      <subfield code="e">author</subfield>
   </datafield>
   <datafield ind2=" " ind1=" " tag="260">
      <subfield code="c">2009-03-30</subfield>
   </datafield>
   <datafield ind2=" " ind1=" " tag="520">
      <subfield code="a">El acceso al Moll d’Espanya se canaliza por medio de la pasarela que conecta el muelle con Colon, y que es la prolongación natural de la tradicional Rambla barcelonina. Esta pasarela bautizada con el nombre de “Rambla de Mar”, tiene una longitud de 330 metros, y una anchura de de 8 metros. Esta constituida por madera de bolondo y tiene una superficie de 6000 metros cuadrados. Para dejar paso a los barcos, la pasarela dispone de dos tramos móviles. El tramo más grande de 78 metros, y permite un paso de 40 metros, el más pequeño tiene una longitud de 50 metros, y abre un paso de 15 metros. Se propone la construcción de un nueva pasarela que sustituya a la que conecta el Moll d’Espanya, con el Moll de Bosch i Alsina, con objeto de mejorar la conexión vial existente, asegurando además la accesibilidad en condiciones de seguridad y confort de los peatones. La nueva conexión supone una paso adelante para eliminar la actual confrontación, entre el tránsito peatonal y el marítimo, que se produce en este lugar. Se planea por lo tanto una actuación de calidad, en la que el valor simbólico prime sobre el coste de la ejecución. La pasarela urbana tiene una potencialidad simbólica muy importante y es por tanto, el elemento emblemático de la actuación que se plantea. De este modo, su función visual tendrá un peso específico importante a la hora de escoger la tipología y desarrollar sus cualidades paisajísticas.</subfield>
   </datafield>
   <datafield tag="653" ind2=" " ind1=" ">
      <subfield code="a">Àrees temàtiques de la UPC::Enginyeria civil::Enginyeria hidràulica, marítima i sanitària::Ports i costes</subfield>
   </datafield>
   <datafield tag="653" ind2=" " ind1=" ">
      <subfield code="a">Harbors</subfield>
   </datafield>
   <datafield tag="653" ind2=" " ind1=" ">
      <subfield code="a">Ports</subfield>
   </datafield>
   <datafield ind2="0" ind1="0" tag="245">
      <subfield code="a">Pasarela entre el moll de Bosch i Alsina y el moll d'Espanya</subfield>
   </datafield>
</record></metadata></record></GetRecord></OAI-PMH>